00483nam a22001697a 450000500170000000800410001704000210005804100080007908200080008710000280009524500800012325000120020326000320021530000100024770000250025770000310028220220308133911.0220308b ||||| |||| 00| 0 eng d aIN-DiNCcIN-DiNC dasm a654 aBharali Debodaseauthor aUchatar madhamic byabsai sangathan aru banijya paddhaticby Debodas Bharali a4th ed. aGuwahatibAssam booksc1997 a232p. aSujit Sikdareauthor aBibekananda Sharmaeauthor